Antológia z diel filozofov

Na minha lista:
Detalhes bibliográficos
Autor principal: Márton, Milan
Autor Corporativo: Ekonomická univerzita v Bratislave. Fakulta medzinárodných vzťahov
Outros Autores: Greguš, Peter, Barátová, Jana
Formato: Livro
Idioma:eslovaco
Publicado em: Bratislava Ekonóm 2003
Assuntos:
Tags: Adicionar Tag
Sem tags, seja o primeiro a adicionar uma tag!

MARC

LEADER 00000nam a2200000 4500
001 c142007
005 20221108124825.5
020 |a 80-225-1626-0 
041 0 |a slo 
044 |a SK 
245 1 0 |a Antológia z diel filozofov  |c Milan Márton a kolektív ; Peter Greguš, Jana Barátová 
264 1 |a Bratislava  |b Ekonóm  |c 2003 
300 |a 221 s. 
610 2 0 |a filozofia 
610 2 0 |a dejiny filozofie 
610 2 0 |a spoločnosť 
610 2 0 |a osobnosť 
100 1 |a Márton, Milan 
700 1 |a Greguš, Peter 
700 1 |a Barátová, Jana 
710 2 |a Ekonomická univerzita v Bratislave. Fakulta medzinárodných vzťahov